000 00876nam a22002897a 4500
001 BR7902216
003 BR-BrBNA
005 20230928090004.0
007 ta
008 230509b bl.||||| |||| 00| 0 por d
040 _aBR-BrBNA
_bpor
_cBiblioteca Nacional de Agricultura
041 _a(Por)
072 _aE30
_b2110
_b/G514
090 _ 2110 BR7902216
100 1 _aFowler, R.L.
100 1 _aAlvim, P. de t.
110 1 _aCentro de Pesquisas do Cacau, Ilheus, BA (Brasil)
_91631
245 1 _aCEPLAC vinte e um anos de assistencia tecnica ao cacau no Brasil [Comissao Executiva do Plano da Lavoura Cacaueira]
260 3 _aIlheus, BA (Brasil):
_c1979.
300 _a40 p.
650 _aDesenvolvimento agricola
650 _aCacau
650 _aAssistencia tecnica
650 _aInstituicao agricola
909 _a202309
_bLucia
_c55
_dLucia Elande
942 _cBK
999 _c27327
_d27327